All Eyes - Statistics

General Stats
  • This quiz has been taken 16 times
  • The average score is 8 of 20
Answer Stats
Hint Answer % Correct
Musical group featuring Fergi and will.i.am The Black Eyed Peas
86%
Olive Oyl's pipe smoking boyfriend Popeye
79%
Having one or both eyes turned inward toward the nose Cross Eye
71%
A person who has personally seen something happen Eyewitness
57%
Slang for a person who wears glasses Four Eyes
57%
Nickname for the state of Ohio Buckeye
50%
A thing that is very ugly, especially a building Eyesore
50%
A 1995 spy film, the seventeenth in the James Bond series GoldenEye
50%
Conjunctivitis Pink Eye
50%
Sleep Shut Eye
50%
Periorbital Hematoma Black Eye
43%
The power to inflict harm, injury, or misfortune by a look or stare Evil Eye
43%
A canine tooth, especially one in the upper jaw Eye Tooth
36%
A type of salmon of the North Pacific and rivers draining into it Sockeye
36%
An attractive person Eye Candy
14%
A small hole as in cloth or leather for ornamental effect Eyelet
14%
Things worn on the eyes, such as spectacles and contact lenses Eyewear
14%
The boxer Rocky had this The Eye of the Tiger
14%
A bolt having a looped head designed to receive a hook or rope Eyebolt
7%
Temporary tooth of a young mammal Milk Tooth
7%
No matching quizzes found
Score Distribution
Percent of People with Each Score
Percentile by Number Answered
Your Score History
You have not taken this quiz